Little red riding hood and the golden goose [

Bibliographic Details
Format: Book
Published: Loughborough : Ladybird Video , 1989
Subjects:

MARC

LEADER 00000cam a2200000 7i4500
001 0000000404
002 000000480
005 20021012.0
020 |a 000000480 
090 0 0 |a JF   |b LIT 
245 0 0 |a Little red riding hood and the golden goose [  |h video recording] 
260 |a Loughborough :   |b Ladybird Video ,   |c 1989 
300 |a 1 Video recording VHS (40 minutes) :   |b col.(PAL) 
500 |a Library has 1 copy 
650 0 0 |a Cartoon and carricatures 
999 |a PV0136   |b VIDEO   |c JUNIOR REFERENCE   |e PERPUSTAKAAN KOMUNITI PETALING JAYA